[Event "PMPJ 2022 - D15"]
[Site "Jastrzebia Gora"]
[Date "2022.11.08"]
[Round "4.9"]
[White "Lach, Alicja"]
[Black "Markowska, Kalina"]
[Result "1-0"]
[BlackElo "1246"]
[WhiteElo "1281"]
[LiveChessVersion "1.4.8"]

1. e4 {[%clk 1:30:58]} e5 {[%clk 1:30:52]} 2. Nf3 {[%clk 1:31:24]} Nc6
{[%clk 1:31:19]} 3. d4 {[%clk 1:31:49]} exd4 {[%clk 1:31:42]} 4. Nxd4
{[%clk 1:32:16]} Bc5 {[%clk 1:32:03]} 5. Nxc6 {[%clk 1:31:34]} bxc6
{[%clk 1:32:08]} 6. Bd3 {[%clk 1:31:59]} Qf6 {[%clk 1:24:42]} 7. O-O
{[%clk 1:32:06]} Ne7 {[%clk 1:24:35]} 8. Nc3 {[%clk 1:31:27]} a5 {[%clk 1:11:48]}
9. Bd2 {[%clk 1:23:15]} d5 {[%clk 1:09:04]} 10. exd5 {[%clk 1:21:07]} cxd5
{[%clk 1:09:05]} 11. Qh5 {[%clk 1:11:24]} c6 {[%clk 0:59:27]} 12. Rae1
{[%clk 1:07:49]} h6 {[%clk 0:56:01]} 13. Nxd5 {[%clk 1:00:52]} cxd5
{[%clk 0:44:49]} 14. Qxd5 {[%clk 1:01:10]} 1-0

[Event "PMPJ 2022 - D15"]
[Site "Jastrzebia Gora"]
[Date "2022.11.09"]
[Round "5.1"]
[White "Nowak, Zuzanna"]
[Black "Bauer, Maja"]
[Result "1/2-1/2"]
[BlackElo "1300"]
[WhiteElo "1354"]
[LiveChessVersion "1.4.8"]

1. e4 {[%clk 1:30:58]} c5 {[%clk 1:30:53]} 2. c3 {[%clk 1:31:25]} d6
{[%clk 1:30:29]} 3. d4 {[%clk 1:31:48]} cxd4 {[%clk 1:30:52]} 4. cxd4
{[%clk 1:32:15]} Nf6 {[%clk 1:30:43]} 5. Nc3 {[%clk 1:32:37]} g6 {[%clk 1:30:39]}
6. Nf3 {[%clk 1:32:33]} Bg7 {[%clk 1:30:34]} 7. Bc4 {[%clk 1:30:13]} O-O
{[%clk 1:29:07]} 8. Bb3 {[%clk 1:29:21]} Nc6 {[%clk 1:16:09]} 9. O-O
{[%clk 1:27:25]} Bd7 {[%clk 1:13:35]} 10. h3 {[%clk 1:25:09]} Rc8
{[%clk 1:09:29]} 11. Re1 {[%clk 1:22:42]} e5 {[%clk 0:49:29]} 12. dxe5
{[%clk 1:21:41]} dxe5 {[%clk 0:49:40]} 13. Nd5 {[%clk 1:20:06]} Re8
{[%clk 0:27:12]} 14. Ng5 {[%clk 1:12:39]} Rf8 {[%clk 0:22:12]} 15. f4
{[%clk 1:03:04]} Nh5 {[%clk 0:18:14]} 16. f5 {[%clk 1:01:55]} Nd4
{[%clk 0:15:40]} 17. fxg6 {[%clk 1:00:14]} hxg6 {[%clk 0:14:43]} 18. Be3
{[%clk 0:55:22]} a5 {[%clk 0:10:34]} 19. Bxd4 {[%clk 0:50:08]} Qxg5
{[%clk 0:07:03]} 20. Be3 {[%clk 0:50:17]} Nf4 {[%clk 0:06:38]} 21. Nxf4
{[%clk 0:48:42]} exf4 {[%clk 0:06:46]} 22. Bxf4 {[%clk 0:48:46]} Qxf4
{[%clk 0:07:01]} 23. Qxd7 {[%clk 0:48:51]} Be5 {[%clk 0:02:27]} 24. Qg4
{[%clk 0:43:08]} Qh2+ {[%clk 0:01:04]} 25. Kf1 {[%clk 0:43:36]} Bg3
{[%clk 0:00:59]} 26. Qxg6+ {[%clk 0:42:35]} Kh8 {[%clk 0:01:13]} 27. Qh5+
{[%clk 0:42:52]} Kg8 {[%clk 0:01:22]} 28. Qf3 {[%clk 0:29:32]} Bxe1
{[%clk 0:00:59]} 29. Qg4+ {[%clk 0:29:31]} Kh7 {[%clk 0:01:07]} 30. Qh5+
{[%clk 0:29:58]} Kg7 {[%clk 0:01:07]} 31. Qg5+ {[%clk 0:30:26]} Kh7
{[%clk 0:01:17]} 1/2-1/2

[Event "PMPJ 2022 - D15"]
[Site "Jastrzebia Gora"]
[Date "2022.11.09"]
[Round "5.2"]
[White "Krzysztynska, Maria"]
[Black "Makarec, Anna"]
[Result "1-0"]
[BlackElo "1316"]
[WhiteElo "1128"]
[LiveChessVersion "1.4.8"]

1. e4 {[%clk 1:27:48]} e5 {[%clk 1:30:49]} 2. Nc3 {[%clk 1:26:55]} Bc5
{[%clk 1:28:04]} 3. Bc4 {[%clk 1:18:53]} Ne7 {[%clk 1:23:58]} 4. f4
{[%clk 1:13:24]} d6 {[%clk 1:20:58]} 5. Qh5 {[%clk 1:07:36]} O-O {[%clk 1:15:14]}
6. Nf3 {[%clk 1:02:25]} Nbc6 {[%clk 1:10:07]} 7. Ng5 {[%clk 0:59:44]} h6
{[%clk 1:08:28]} 8. Nxf7 {[%clk 0:59:43]} Rxf7 {[%clk 1:08:32]} 9. Bxf7+
{[%clk 0:57:47]} Kh7 {[%clk 1:06:49]} 10. f5 {[%clk 0:53:21]} Nd4
{[%clk 1:05:35]} 11. Kd1 {[%clk 0:51:09]} c6 {[%clk 1:03:27]} 12. d3
{[%clk 0:49:25]} d5 {[%clk 1:02:52]} 13. f6 {[%clk 0:46:53]} Nef5
{[%clk 0:55:00]} 14. Qg6+ {[%clk 0:46:15]} Kh8 {[%clk 0:55:24]} 15. fxg7+
{[%clk 0:46:28]} Nxg7 {[%clk 0:55:41]} 16. Qxh6# {[%clk 0:46:49]} 1-0

[Event "PMPJ 2022 - D15"]
[Site "Jastrzebia Gora"]
[Date "2022.11.09"]
[Round "5.3"]
[White "Gajec, Roza"]
[Black "Pniewska, Beata"]
[Result "0-1"]
[BlackElo "1353"]
[WhiteElo "1357"]
[LiveChessVersion "1.4.8"]

1. e4 {[%clk 1:30:02]} e6 {[%clk 1:30:46]} 2. d4 {[%clk 1:30:00]} d5
{[%clk 1:31:00]} 3. Nd2 {[%clk 1:30:02]} dxe4 {[%clk 1:30:43]} 4. Nxe4
{[%clk 1:30:26]} Nd7 {[%clk 1:30:31]} 5. Nf3 {[%clk 1:29:44]} Ngf6
{[%clk 1:30:33]} 6. Bd3 {[%clk 1:28:43]} Nxe4 {[%clk 1:27:38]} 7. Bxe4
{[%clk 1:29:06]} Nf6 {[%clk 1:27:58]} 8. Bg5 {[%clk 1:29:05]} Be7
{[%clk 1:17:40]} 9. Bxf6 {[%clk 1:28:39]} Bxf6 {[%clk 1:17:46]} 10. c3
{[%clk 1:28:21]} O-O {[%clk 1:16:57]} 11. Qd3 {[%clk 1:27:23]} h6
{[%clk 1:16:46]} 12. h4 {[%clk 1:22:37]} Be7 {[%clk 1:10:34]} 13. Qc2
{[%clk 1:21:32]} f5 {[%clk 1:05:58]} 14. Bd3 {[%clk 1:21:46]} Bf6
{[%clk 1:01:13]} 15. O-O-O {[%clk 1:18:49]} Qd5 {[%clk 0:59:22]} 16. Kb1
{[%clk 1:16:14]} b6 {[%clk 0:55:17]} 17. Qe2 {[%clk 1:08:16]} Bb7
{[%clk 0:52:30]} 18. Bc4 {[%clk 1:07:17]} Qe4+ {[%clk 0:52:08]} 19. Kc1
{[%clk 1:04:29]} Qxe2 {[%clk 0:47:34]} 20. Bxe2 {[%clk 1:04:51]} Rad8
{[%clk 0:47:36]} 21. Bc4 {[%clk 1:02:28]} Rfe8 {[%clk 0:45:35]} 22. Ne1
{[%clk 0:53:57]} Kf8 {[%clk 0:44:55]} 23. f3 {[%clk 0:52:56]} e5 {[%clk 0:40:44]}
24. dxe5 {[%clk 0:53:00]} Rxd1+ {[%clk 0:39:54]} 25. Kxd1 {[%clk 0:53:14]} Rd8+
{[%clk 0:38:59]} 26. Ke2 {[%clk 0:52:56]} Bxe5 {[%clk 0:39:02]} 27. Nd3
{[%clk 0:53:01]} Bg3 {[%clk 0:38:40]} 28. f4 {[%clk 0:45:25]} Re8+
{[%clk 0:36:27]} 29. Kd2 {[%clk 0:44:40]} Re4 {[%clk 0:34:41]} 30. Bb3
{[%clk 0:40:43]} Bxf4+ {[%clk 0:34:09]} 31. Kd1 {[%clk 0:38:15]} Ba6
{[%clk 0:32:27]} 32. Bc2 {[%clk 0:37:32]} Bg3 {[%clk 0:30:07]} 33. Nb4
{[%clk 0:31:59]} Be2+ {[%clk 0:29:52]} 34. Kd2 {[%clk 0:32:12]} Bf4+
{[%clk 0:28:44]} 35. Ke1 {[%clk 0:32:00]} Bd3+ {[%clk 0:27:28]} 36. Kd1
{[%clk 0:31:58]} Bxc2+ {[%clk 0:26:50]} 37. Nxc2 {[%clk 0:32:17]} Bg3
{[%clk 0:26:45]} 38. Nd4 {[%clk 0:31:52]} Rxh4 {[%clk 0:24:45]} 39. Rxh4
{[%clk 0:31:58]} Bxh4 {[%clk 0:25:08]} 40. Nxf5 {[%clk 0:32:21]} Bf6
{[%clk 0:24:48]} 41. Ke2 {[%clk 0:32:35]} Kf7 {[%clk 0:24:55]} 42. g4
{[%clk 0:32:10]} Ke6 {[%clk 0:25:03]} 43. Kf3 {[%clk 0:32:06]} h5
{[%clk 0:24:00]} 44. Ng3 {[%clk 0:30:20]} h4 {[%clk 0:22:29]} 45. Ne4
{[%clk 0:27:19]} Be5 {[%clk 0:19:45]} 46. Ng5+ {[%clk 0:26:06]} Kd5
{[%clk 0:19:26]} 47. Ke3 {[%clk 0:25:35]} c5 {[%clk 0:18:34]} 48. Nf3
{[%clk 0:24:10]} h3 {[%clk 0:15:58]} 49. Kf2 {[%clk 0:22:34]} Bf4
{[%clk 0:16:02]} 50. Nh4 {[%clk 0:21:44]} g5 {[%clk 0:14:57]} 51. Nf3
{[%clk 0:20:06]} Ke4 {[%clk 0:15:03]} 0-1

[Event "PMPJ 2022 - D15"]
[Site "Jastrzebia Gora"]
[Date "2022.11.09"]
[Round "5.4"]
[White "Kaczmarek, Paulina"]
[Black "Domeradzka, Karolina"]
[Result "1-0"]
[BlackElo "1123"]
[WhiteElo "1331"]
[LiveChessVersion "1.4.8"]

1. e4 {[%clk 1:30:58]} e5 {[%clk 1:29:44]} 2. Nf3 {[%clk 1:29:52]} Nf6
{[%clk 1:29:42]} 3. Nxe5 {[%clk 1:29:38]} Nc6 {[%clk 1:29:17]} 4. Nxc6
{[%clk 1:28:43]} dxc6 {[%clk 1:29:44]} 5. Nc3 {[%clk 1:29:00]} Bc5
{[%clk 1:30:10]} 6. Be2 {[%clk 1:27:37]} O-O {[%clk 1:29:35]} 7. O-O
{[%clk 1:27:25]} Be6 {[%clk 1:28:44]} 8. d3 {[%clk 1:27:22]} h6 {[%clk 1:28:28]}
9. Be3 {[%clk 1:25:02]} Bxe3 {[%clk 1:16:51]} 10. fxe3 {[%clk 1:25:23]} Nh7
{[%clk 1:16:49]} 11. Bf3 {[%clk 1:21:20]} Qg5 {[%clk 1:08:12]} 12. Qe2
{[%clk 1:19:53]} Nf6 {[%clk 0:46:09]} 13. Rae1 {[%clk 1:11:30]} h5
{[%clk 0:20:34]} 14. Kh1 {[%clk 1:07:50]} h4 {[%clk 0:17:58]} 15. h3
{[%clk 1:02:39]} Qh6 {[%clk 0:18:25]} 16. Nd1 {[%clk 1:01:51]} g5
{[%clk 0:18:39]} 17. Nf2 {[%clk 1:01:58]} Qg7 {[%clk 0:12:19]} 18. b3
{[%clk 1:00:36]} Nd7 {[%clk 0:11:43]} 19. Bg4 {[%clk 1:00:45]} Bxg4
{[%clk 0:02:20]} 20. Nxg4 {[%clk 1:00:48]} f6 {[%clk 0:01:48]} 21. Rf5
{[%clk 0:57:47]} Rf7 {[%clk 0:02:15]} 22. Ref1 {[%clk 0:58:02]} Raf8
{[%clk 0:02:42]} 23. R1f2 {[%clk 0:57:49]} Kh7 {[%clk 0:02:08]} 24. Qf1
{[%clk 0:57:56]} Kg6 {[%clk 0:02:21]} 25. d4 {[%clk 0:56:15]} a6 {[%clk 0:00:59]}
26. Qd3 {[%clk 0:55:14]} Kh5 {[%clk 0:00:45]} 27. c4 {[%clk 0:50:07]} Re8
{[%clk 0:00:36]} 28. e5 {[%clk 0:48:53]} Re6 {[%clk 0:00:33]} 29. d5
{[%clk 0:48:33]} cxd5 {[%clk 0:00:44]} 30. cxd5 {[%clk 0:48:57]} Nxe5
{[%clk 0:01:12]} 31. Qf1 {[%clk 0:45:49]} Ree7 {[%clk 0:00:32]} 32. Nxe5
{[%clk 0:45:20]} Rf8 {[%clk 0:00:49]} 33. Ng4 {[%clk 0:45:27]} Re4
{[%clk 0:00:41]} 34. Nxf6+ {[%clk 0:45:22]} Rxf6 {[%clk 0:01:04]} 35. Rxf6
{[%clk 0:45:46]} 1-0

[Event "PMPJ 2022 - D15"]
[Site "Jastrzebia Gora"]
[Date "2022.11.09"]
[Round "5.5"]
[White "Idzior, Izabela"]
[Black "Zgoda, Aleksandra"]
[Result "0-1"]
[BlackElo "1277"]
[WhiteElo "1172"]
[LiveChessVersion "1.4.8"]

1. e4 {[%clk 1:30:58]} c5 {[%clk 1:30:54]} 2. Nf3 {[%clk 1:31:23]} e6
{[%clk 1:31:17]} 3. d4 {[%clk 1:31:48]} cxd4 {[%clk 1:31:37]} 4. Nxd4
{[%clk 1:32:14]} a6 {[%clk 1:31:52]} 5. Nc3 {[%clk 1:31:52]} b5 {[%clk 1:31:59]}
6. Be2 {[%clk 1:31:16]} Bb7 {[%clk 1:31:40]} 7. f3 {[%clk 1:27:11]} Nc6
{[%clk 1:29:26]} 8. Be3 {[%clk 1:24:00]} Nf6 {[%clk 1:25:58]} 9. Nxc6
{[%clk 1:17:05]} Bxc6 {[%clk 1:23:18]} 10. O-O {[%clk 1:15:13]} b4
{[%clk 1:17:25]} 11. Nb1 {[%clk 1:13:57]} Qc7 {[%clk 1:12:23]} 12. Qe1
{[%clk 1:08:33]} d5 {[%clk 1:01:56]} 13. exd5 {[%clk 1:02:29]} Nxd5
{[%clk 0:54:02]} 14. Bf2 {[%clk 0:57:10]} Bd6 {[%clk 0:50:55]} 15. g3
{[%clk 0:53:06]} Ba4 {[%clk 0:37:16]} 16. Nd2 {[%clk 0:34:42]} Qxc2
{[%clk 0:17:10]} 17. Rc1 {[%clk 0:29:28]} Qg6 {[%clk 0:16:14]} 18. Bxa6
{[%clk 0:25:06]} O-O {[%clk 0:14:59]} 19. Bc4 {[%clk 0:16:29]} Nf4
{[%clk 0:11:17]} 20. Kh1 {[%clk 0:14:19]} Nd3 {[%clk 0:10:42]} 21. Bxd3
{[%clk 0:13:28]} Qxd3 {[%clk 0:11:11]} 22. Qe3 {[%clk 0:12:13]} Qxe3
{[%clk 0:11:14]} 23. Bxe3 {[%clk 0:12:40]} Bb5 {[%clk 0:11:28]} 24. Rfd1
{[%clk 0:10:47]} Rxa2 {[%clk 0:09:10]} 25. Ne4 {[%clk 0:10:19]} Be5
{[%clk 0:07:20]} 26. Rd2 {[%clk 0:08:01]} Rxb2 {[%clk 0:07:01]} 27. Rxb2
{[%clk 0:07:42]} Bxb2 {[%clk 0:07:29]} 28. Rb1 {[%clk 0:07:45]} Ba3
{[%clk 0:07:07]} 29. Bc5 {[%clk 0:07:13]} Bd3 {[%clk 0:06:03]} 30. Rb3
{[%clk 0:03:51]} Bc2 {[%clk 0:05:47]} 31. Re3 {[%clk 0:03:20]} Rc8
{[%clk 0:05:25]} 32. Be7 {[%clk 0:02:53]} Bxe4 {[%clk 0:04:32]} 33. Rxe4
{[%clk 0:02:59]} Rc3 {[%clk 0:04:09]} 34. Bxb4 {[%clk 0:03:13]} Rxf3
{[%clk 0:04:35]} 35. Kg2 {[%clk 0:03:06]} Rb3 {[%clk 0:04:27]} 0-1

[Event "PMPJ 2022 - D15"]
[Site "Jastrzebia Gora"]
[Date "2022.11.09"]
[Round "5.6"]
[White "Butkiewicz, Hanna"]
[Black "Para, Aleksandra"]
[Result "1-0"]
[BlackElo "1204"]
[WhiteElo "1117"]
[LiveChessVersion "1.4.8"]

1. e4 {[%clk 1:30:57]} c5 {[%clk 1:30:47]} 2. Nf3 {[%clk 1:31:18]} d6
{[%clk 1:31:00]} 3. d4 {[%clk 1:31:42]} cxd4 {[%clk 1:31:26]} 4. Nxd4
{[%clk 1:32:06]} Nf6 {[%clk 1:31:46]} 5. Nc3 {[%clk 1:32:27]} a6 {[%clk 1:32:05]}
6. a4 {[%clk 1:32:50]} e5 {[%clk 1:32:04]} 7. Nb3 {[%clk 1:33:09]} Be6
{[%clk 1:32:20]} 8. Be2 {[%clk 1:33:25]} Be7 {[%clk 1:31:28]} 9. O-O
{[%clk 1:33:40]} O-O {[%clk 1:31:05]} 10. Kh1 {[%clk 1:33:55]} Qc7
{[%clk 1:30:17]} 11. f4 {[%clk 1:34:10]} Rd8 {[%clk 1:29:46]} 12. f5
{[%clk 1:34:26]} Bc4 {[%clk 1:25:37]} 13. a5 {[%clk 1:34:36]} Bxe2
{[%clk 1:21:38]} 14. Qxe2 {[%clk 1:34:51]} Nbd7 {[%clk 1:17:54]} 15. Bg5
{[%clk 1:34:30]} Nc5 {[%clk 1:16:48]} 16. Bxf6 {[%clk 1:30:10]} Bxf6
{[%clk 1:12:08]} 17. Nd5 {[%clk 1:30:26]} Qc6 {[%clk 1:11:17]} 18. Nxf6+
{[%clk 1:30:40]} gxf6 {[%clk 1:11:45]} 19. Nxc5 {[%clk 1:30:57]} Qxc5
{[%clk 1:07:15]} 20. Rf3 {[%clk 1:25:46]} Kf8 {[%clk 1:03:36]} 21. Rh3
{[%clk 1:25:42]} Ke7 {[%clk 1:03:37]} 22. Rxh7 {[%clk 1:25:58]} Rh8
{[%clk 1:02:03]} 23. Rxh8 {[%clk 1:25:42]} Rxh8 {[%clk 1:02:32]} 24. Qd3
{[%clk 1:25:30]} Rc8 {[%clk 0:54:32]} 25. c3 {[%clk 1:24:03]} Rg8
{[%clk 0:50:39]} 26. Rd1 {[%clk 1:22:53]} Rd8 {[%clk 0:48:15]} 27. b4
{[%clk 1:23:07]} Qc7 {[%clk 0:47:15]} 28. h4 {[%clk 1:20:42]} Rh8
{[%clk 0:44:55]} 29. g3 {[%clk 1:20:52]} Qc6 {[%clk 0:39:55]} 30. c4
{[%clk 1:19:52]} Qc7 {[%clk 0:34:48]} 31. Qd5 {[%clk 1:16:45]} Rc8
{[%clk 0:33:51]} 32. Rc1 {[%clk 1:12:16]} Qb8 {[%clk 0:18:49]} 33. c5
{[%clk 1:10:11]} Rc6 {[%clk 0:17:25]} 34. cxd6+ {[%clk 1:09:40]} Rxd6
{[%clk 0:17:47]} 35. Qc5 {[%clk 1:09:34]} Kd8 {[%clk 0:15:17]} 36. h5
{[%clk 1:09:35]} Kd7 {[%clk 0:12:55]} 37. b5 {[%clk 1:08:14]} axb5
{[%clk 0:11:16]} 38. Qxb5+ {[%clk 1:08:36]} Ke7 {[%clk 0:11:23]} 39. Qc5
{[%clk 1:06:33]} Kd7 {[%clk 0:07:31]} 40. Qc4 {[%clk 1:06:45]} Ke7
{[%clk 0:07:31]} 41. Qc7+ {[%clk 1:06:51]} Qxc7 {[%clk 0:07:42]} 42. Rxc7+
{[%clk 1:07:18]} Kf8 {[%clk 0:07:53]} 43. Rxb7 {[%clk 1:07:18]} Kg7
{[%clk 0:07:59]} 44. Rb4 {[%clk 1:06:20]} Rd1+ {[%clk 0:07:21]} 45. Kg2
{[%clk 1:06:35]} Ra1 {[%clk 0:07:47]} 46. Rb5 {[%clk 1:05:33]} Ra4
{[%clk 0:07:14]} 47. Kh3 {[%clk 1:02:18]} Rxe4 {[%clk 0:07:06]} 48. Rb8
{[%clk 1:02:30]} Ra4 {[%clk 0:07:06]} 49. Ra8 {[%clk 1:02:57]} Ra3
{[%clk 0:06:38]} 50. a6 {[%clk 1:03:21]} Ra1 {[%clk 0:05:18]} 51. a7
{[%clk 1:03:23]} Ra3 {[%clk 0:04:19]} 52. h6+ {[%clk 1:03:42]} Kh7
{[%clk 0:04:39]} 53. Kg2 {[%clk 1:03:02]} Ra1 {[%clk 0:04:08]} 54. Kf3
{[%clk 1:02:30]} Ra4 {[%clk 0:04:35]} 55. g4 {[%clk 1:01:45]} Ra1
{[%clk 0:03:20]} 56. Ke4 {[%clk 1:00:25]} Ra5 {[%clk 0:03:45]} 57. Kf3
{[%clk 0:57:46]} Ra4 {[%clk 0:03:38]} 58. Kg3 {[%clk 0:57:53]} Ra3+
{[%clk 0:03:58]} 59. Kh4 {[%clk 0:57:25]} Ra4 {[%clk 0:04:17]} 60. Kh3
{[%clk 0:55:12]} Ra3+ {[%clk 0:04:33]} 61. Kg2 {[%clk 0:54:26]} Ra1
{[%clk 0:04:01]} 62. Kf2 {[%clk 0:54:15]} Ra3 {[%clk 0:04:15]} 63. Ke2
{[%clk 0:54:32]} Ra1 {[%clk 0:04:08]} 64. Kd3 {[%clk 0:54:53]} Ra4
{[%clk 0:04:12]} 65. Kc3 {[%clk 0:55:16]} Ra1 {[%clk 0:04:15]} 66. Kb4
{[%clk 0:55:37]} Rb1+ {[%clk 0:04:34]} 67. Kc5 {[%clk 0:55:55]} Ra1
{[%clk 0:04:46]} 68. Kd6 {[%clk 0:56:17]} Ra6+ {[%clk 0:05:04]} 69. Ke7
{[%clk 0:56:32]} e4 {[%clk 0:04:41]} 70. Re8 {[%clk 0:56:08]} Rxa7+ 71. Kxf6
{[%clk 0:56:32]} e3 {[%clk 0:05:01]} 72. Rxe3 {[%clk 0:56:49]} Ra6+
{[%clk 0:04:25]} 73. Kxf7 {[%clk 0:57:02]} Rxh6 {[%clk 0:04:41]} 74. g5
{[%clk 0:57:16]} Rh1 {[%clk 0:04:49]} 75. g6+ {[%clk 0:57:39]} Kh6
{[%clk 0:04:35]} 76. g7 {[%clk 0:58:01]} 1-0

[Event "PMPJ 2022 - D15"]
[Site "Jastrzebia Gora"]
[Date "2022.11.09"]
[Round "5.7"]
[White "Sliwicka, Weronika"]
[Black "Dura, Anna"]
[Result "1-0"]
[BlackElo "1190"]
[WhiteElo "1265"]
[LiveChessVersion "1.4.8"]

1. e4 e6 {[%clk 1:30:56]} 2. d4 {[%clk 1:31:24]} d5 {[%clk 1:31:22]} 3. exd5
{[%clk 1:31:51]} exd5 {[%clk 1:31:44]} 4. Nf3 {[%clk 1:32:17]} Bd6
{[%clk 1:31:58]} 5. c4 {[%clk 1:32:35]} dxc4 {[%clk 1:28:07]} 6. Bxc4
{[%clk 1:32:51]} Nf6 {[%clk 1:27:07]} 7. Nc3 {[%clk 1:32:58]} O-O
{[%clk 1:26:45]} 8. O-O {[%clk 1:32:47]} Bg4 {[%clk 1:25:43]} 9. h3
{[%clk 1:30:47]} Bh5 {[%clk 1:25:40]} 10. Bg5 {[%clk 1:29:14]} Nbd7
{[%clk 1:23:19]} 11. g4 {[%clk 1:18:03]} Bg6 {[%clk 1:22:10]} 12. Nh4
{[%clk 1:09:23]} Kh8 13. f4 h6 {[%clk 1:10:43]} 14. Nxg6+ {[%clk 1:09:39]} fxg6
{[%clk 1:10:57]} 15. Bh4 {[%clk 0:59:40]} c5 {[%clk 0:56:50]} 16. d5
{[%clk 0:46:49]} Qb8 {[%clk 0:54:27]} 17. g5 {[%clk 0:44:04]} Ng8
{[%clk 0:51:15]} 18. Qg4 {[%clk 0:44:03]} Nb6 19. Bd3 Qe8 {[%clk 0:42:15]} 20.
Rae1 {[%clk 0:41:27]} Qf7 {[%clk 0:41:54]} 21. gxh6 {[%clk 0:41:29]} Nxh6
{[%clk 0:42:02]} 22. Qxg6 {[%clk 0:38:40]} Qxg6+ {[%clk 0:41:47]} 23. Bxg6 Bxf4
{[%clk 0:33:02]} 24. Be7 {[%clk 0:37:23]} Bd2 {[%clk 0:32:31]} 25. Rxf8+
{[%clk 0:36:52]} Rxf8 {[%clk 0:32:46]} 26. Re2 {[%clk 0:37:12]} Bxc3
{[%clk 0:29:40]} 27. Bxf8 {[%clk 0:33:40]} Bd4+ {[%clk 0:29:40]} 28. Kh2
{[%clk 0:32:57]} Nxd5 {[%clk 0:26:44]} 29. Bd6 {[%clk 0:28:14]} b6
{[%clk 0:26:55]} 30. Re8+ Ng8 31. b3 {[%clk 0:25:48]} Ndf6 {[%clk 0:25:31]} 32.
Ra8 {[%clk 0:25:20]} a5 {[%clk 0:25:00]} 33. Kg3 {[%clk 0:21:53]} Bc3
{[%clk 0:23:45]} 34. Kf4 {[%clk 0:20:49]} Bd4 {[%clk 0:22:24]} 35. Kf5
{[%clk 0:20:58]} Bc3 {[%clk 0:20:39]} 36. Ke6 {[%clk 0:21:19]} Bd4
{[%clk 0:19:25]} 37. Kf7 {[%clk 0:21:40]} 1-0

[Event "PMPJ 2022 - D15"]
[Site "Jastrzebia Gora"]
[Date "2022.11.09"]
[Round "5.8"]
[White "Lach, Alicja"]
[Black "Michalska, Anna-maria"]
[Result "1-0"]
[BlackElo "1288"]
[WhiteElo "1281"]
[LiveChessVersion "1.4.8"]

1. e4 {[%clk 1:30:58]} c6 {[%clk 1:30:59]} 2. d4 {[%clk 1:31:24]} d5
{[%clk 1:31:25]} 3. e5 {[%clk 1:31:51]} Bf5 {[%clk 1:31:45]} 4. h4
{[%clk 1:32:17]} h5 {[%clk 1:32:01]} 5. c4 {[%clk 1:32:38]} dxc4 {[%clk 1:32:22]}
6. Bxc4 {[%clk 1:33:01]} e6 {[%clk 1:32:47]} 7. Ne2 {[%clk 1:31:05]} Bb4+
{[%clk 1:27:39]} 8. Nbc3 {[%clk 1:28:11]} b5 {[%clk 1:21:50]} 9. Bb3
{[%clk 1:24:49]} Ne7 {[%clk 1:19:00]} 10. Bg5 {[%clk 1:19:49]} Nd7
{[%clk 1:12:27]} 11. a3 {[%clk 1:15:45]} Ba5 {[%clk 1:10:59]} 12. Ng3
{[%clk 1:13:36]} Bg6 {[%clk 1:10:56]} 13. Qf3 {[%clk 1:09:18]} Rc8
{[%clk 1:09:24]} 14. O-O {[%clk 0:57:12]} Bxc3 {[%clk 1:07:15]} 15. bxc3
{[%clk 0:56:00]} Nb6 {[%clk 1:07:00]} 16. Rac1 {[%clk 0:54:00]} Qd7
{[%clk 1:06:58]} 17. Bc2 {[%clk 0:51:29]} Bxc2 {[%clk 1:05:53]} 18. Rxc2
{[%clk 0:51:21]} Qd5 {[%clk 1:04:07]} 19. Qe2 {[%clk 0:46:45]} Qc4
{[%clk 1:00:43]} 20. Qd1 {[%clk 0:45:12]} g6 {[%clk 0:58:39]} 21. Bxe7
{[%clk 0:42:19]} Kxe7 {[%clk 0:58:31]} 22. Qf3 {[%clk 0:41:08]} Nd5
{[%clk 0:57:55]} 23. Rfc1 {[%clk 0:37:43]} Rc7 {[%clk 0:52:54]} 24. Ne4
{[%clk 0:37:06]} Rh7 {[%clk 0:49:04]} 25. Nd6 {[%clk 0:35:18]} Qb3
{[%clk 0:48:28]} 26. Qd1 {[%clk 0:30:02]} f6 {[%clk 0:41:57]} 27. Qe1
{[%clk 0:25:02]} Qxa3 {[%clk 0:38:37]} 28. c4 {[%clk 0:24:16]} bxc4
{[%clk 0:30:23]} 29. Rxc4 {[%clk 0:24:28]} Qa6 {[%clk 0:29:21]} 30. Qe4
{[%clk 0:21:54]} Rg7 {[%clk 0:25:26]} 31. exf6+ {[%clk 0:20:47]} Nxf6
{[%clk 0:24:32]} 32. Qe5 {[%clk 0:20:36]} c5 {[%clk 0:21:26]} 33. Nf5+
{[%clk 0:17:42]} gxf5 {[%clk 0:19:56]} 34. Qxc7+ {[%clk 0:17:48]} Nd7
{[%clk 0:19:44]} 35. dxc5 {[%clk 0:17:43]} Kf6 {[%clk 0:16:09]} 36. Qd8+
{[%clk 0:17:28]} Ke5 {[%clk 0:15:43]} 37. c6 {[%clk 0:17:43]} Qb6
{[%clk 0:11:34]} 38. Qh8 {[%clk 0:16:03]} Kf6 {[%clk 0:09:07]} 39. cxd7
{[%clk 0:16:21]} 1-0

[Event "PMPJ 2022 - D15"]
[Site "Jastrzebia Gora"]
[Date "2022.11.09"]
[Round "5.9"]
[White "Markowska, Kalina"]
[Black "Racis, Dominika"]
[Result "0-1"]
[BlackElo "1248"]
[WhiteElo "1246"]
[LiveChessVersion "1.4.8"]

1. e4 {[%clk 1:30:58]} c6 {[%clk 1:30:53]} 2. d4 {[%clk 1:31:22]} d5
{[%clk 1:31:12]} 3. Nc3 {[%clk 1:31:45]} dxe4 {[%clk 1:31:32]} 4. Nxe4
{[%clk 1:32:12]} Bf5 {[%clk 1:31:30]} 5. Ng3 {[%clk 1:32:28]} Bg6
{[%clk 1:31:48]} 6. Nf3 {[%clk 1:32:27]} h6 {[%clk 1:30:45]} 7. Bd3
{[%clk 1:32:24]} Bxd3 {[%clk 1:31:07]} 8. Qxd3 {[%clk 1:32:51]} Nf6
{[%clk 1:30:38]} 9. O-O {[%clk 1:32:26]} e6 {[%clk 1:30:34]} 10. Re1
{[%clk 1:32:16]} Bd6 {[%clk 1:29:23]} 11. Nf5 {[%clk 1:12:52]} Rg8
{[%clk 1:19:45]} 12. Nxd6+ {[%clk 1:05:32]} Qxd6 {[%clk 1:19:56]} 13. c4
{[%clk 1:02:52]} Nbd7 {[%clk 1:16:08]} 14. Qd2 {[%clk 0:57:46]} Ke7
{[%clk 0:43:55]} 15. Nh4 {[%clk 0:49:04]} Kd8 {[%clk 0:35:42]} 16. b4
{[%clk 0:44:51]} a6 {[%clk 0:21:26]} 17. a4 {[%clk 0:43:23]} Re8 {[%clk 0:12:55]}
18. Nf3 {[%clk 0:42:17]} Ke7 {[%clk 0:07:59]} 19. Bb2 {[%clk 0:40:22]} b5
{[%clk 0:05:04]} 20. cxb5 {[%clk 0:35:46]} cxb5 {[%clk 0:05:01]} 21. a5
{[%clk 0:34:15]} Nd5 {[%clk 0:04:57]} 22. Rec1 {[%clk 0:33:11]} N7f6
{[%clk 0:04:28]} 23. Qe1 {[%clk 0:32:48]} Rec8 {[%clk 0:04:00]} 24. Ne5
{[%clk 0:31:11]} Nd7 {[%clk 0:03:06]} 25. Nd3 {[%clk 0:30:30]} Ke8
{[%clk 0:02:54]} 26. Nc5 {[%clk 0:30:47]} Nf4 {[%clk 0:02:45]} 27. Rd1
{[%clk 0:28:50]} Qd5 {[%clk 0:02:38]} 28. f3 {[%clk 0:27:14]} Qg5
{[%clk 0:02:34]} 29. Qg3 {[%clk 0:26:25]} Ne2+ {[%clk 0:02:56]} 0-1

[Event "PMPJ 2022 - D15"]
[Site "Jastrzebia Gora"]
[Date "2022.11.09"]
[Round "6.1"]
[White "Nowak, Zuzanna"]
[Black "Krzysztynska, Maria"]
[Result "0-1"]
[BlackElo "1128"]
[WhiteElo "1354"]
[LiveChessVersion "1.4.8"]

1. e4 {[%clk 1:30:58]} e5 {[%clk 1:29:14]} 2. Nf3 {[%clk 1:31:21]} Nc6
{[%clk 1:28:24]} 3. Bb5 {[%clk 1:31:40]} d6 {[%clk 1:27:30]} 4. d4
{[%clk 1:30:34]} Bd7 {[%clk 1:18:49]} 5. c3 {[%clk 1:21:38]} Nf6 {[%clk 1:12:20]}
6. Qe2 {[%clk 1:17:54]} Be7 {[%clk 1:08:15]} 7. O-O {[%clk 1:12:33]} a6
{[%clk 1:05:54]} 8. Bc4 {[%clk 1:10:23]} exd4 {[%clk 1:02:09]} 9. cxd4
{[%clk 1:09:45]} Bg4 {[%clk 1:00:55]} 10. Rd1 {[%clk 1:07:26]} Qd7
{[%clk 0:49:11]} 11. h3 {[%clk 1:06:46]} Bh5 {[%clk 0:47:59]} 12. e5
{[%clk 1:03:54]} Bxf3 {[%clk 0:43:53]} 13. Qxf3 {[%clk 0:52:09]} dxe5
{[%clk 0:42:39]} 14. Bxf7+ {[%clk 0:48:46]} Kxf7 {[%clk 0:40:03]} 15. Qb3+
{[%clk 0:49:14]} Qd5 {[%clk 0:32:45]} 16. Qxd5+ {[%clk 0:43:51]} Nxd5
{[%clk 0:33:03]} 17. dxe5 {[%clk 0:44:19]} Ndb4 {[%clk 0:32:44]} 18. Nc3
{[%clk 0:44:18]} Nxe5 {[%clk 0:31:48]} 19. a3 {[%clk 0:42:45]} Nc2
{[%clk 0:29:35]} 20. Rb1 {[%clk 0:42:58]} Rhd8 {[%clk 0:29:28]} 21. Bf4
{[%clk 0:41:49]} Bf6 {[%clk 0:26:57]} 22. Nd5 {[%clk 0:39:04]} Rd7
{[%clk 0:23:57]} 0-1